MDQL
is popping MORE tags! Check the
thread
!
Quizzes
Events
Quiz Creation
Community
Videos
Private Events
Remove Ads
Sign In
Join for FREE
Feedback
Dark Mode
Quiz Categories
Sports
Geography
Music
Movies
Television
Just For Fun
Miscellaneous
History
Literature
Language
Science
Gaming
Entertainment
Religion
Holiday
For Kids
Quiz Lab
Recent
Popular Today
Quiz Kudos Today
Editor Picks
Curator Picks
Quizzes by...
Day
Popularity
Type
Ratings
Length
Year
Community
Subscriptions
Recent Discussions
Orange Saloon
Badges
Playlists
Quests
Create
Leaderboards
Showdown
Live 5
Trivia Bingo
Activity
Puzzle Library
Sporcle Events
Private Events
Virtual Trivia
Globe League
Become a Host
Pub Owners
SporcleCon
Opinionation
Our Games
Videos
Blog
Mobile Apps
Partnerships
Remove Ads and Go Orange
Feedback
Music
Pop Music
The Beatles
Song
Album
Lyrics
Bands
Singers
Artist
Clip
Rock
Rap
Classical
Billboard
Country Music
Kpop
Taylor Swift
Music
Pop Music
The Beatles
Song
Album
Lyrics
Bands
Singers
Artist
Clip
Rock
Rap
Classical
Billboard
Country Music
Kpop
Taylor Swift
Random Quiz
Search Sporcle
×
Curator Pick
Curator Pick
Music
Classical
Type in answers that appear in a list
Type in answers that appear in a list
Classic
Best Score? Go Orange.
Classical Composers IV (clips) Stats
Can you name the classical composers from the clips?
By
nbatchelor
14m
28 Questions
2,313 Plays
2,313 Plays
2,313 Plays
Comments
Comments
Give Quiz Kudos
Give Quiz Kudos
-
- Ratings
hide this ad
Forced Order
Answers have to be entered in order
Answers have to be entered in order
Replay
Link that replays current quiz
Next Quiz
Link to next quiz in quiz playlist
You Got
0%
They Got
Avg Score
55%
Avg Friend Score
Upgrade to see
Score Distribution
Jump to the score distribution portion of the page
Score
0/28
Timer
14:00
0
Plays Today
Time
Composer
% Correct
0:20
Ludwig van Beethoven - Piano Sonata No. 14 in C#m 'Moonlight'
95.1%
3:57
Wolfgang Mozart - Overture from The Marriage of Figaro
81.7%
1:41
Georges Bizet - Habanera from Carmen
81.5%
0:00
Johannes Brahms - Hungarian Dance No. 5
77.9%
5:21
Pyotr Tchaikovsky - Romeo and Juliet Fantasy Overture
76.6%
3:44
George Gershwin - An American in Paris
75.8%
4:24
Antonín Dvořák - Allegro con fuoco from Symphony No. 9 'From the New World'
71.3%
6:37
Edward Elgar - Pomp and Circumstance March No. 1
67.8%
0:37
Camille Saint-Saëns - 'The Swan' from Carnival of the Animals
67.4%
3:02
Igor Stravinsky - Dances of the Young Girls from The Rite of Spring
65.7%
6:20
Franz Liszt - Hungarian Rhapsody No. 2
64.7%
5:05
Richard Wagner - Mild und leise wie er lächelt (Liebestod) from Tristan und Isolde
64.2%
1:00
Franz Schubert - 'Der Erlkönig'
59.7%
0:08
Sergei Prokofiev - Peter and the Wolf
57.8%
Time
Composer
% Correct
1:17
Johann Strauss Jr - Thunder and Lightning Polka
57.5%
3:29
Samuel Barber - Adagio for Strings
55.8%
6:02
Modest Mussorgsky/ Maurice Ravel - Great Gate of Kiev from Pictures at an Exhibition
54.3%
2:52
Gustav Holst - Mars from The Planets
51.7%
1:56
Gustav Mahler - Feierlich und gemessen, ohne zu schleppen from Symphony No. 1 in D
48.5%
4:49
Arnold Schoenberg - Prelude 'Rasch' from Suite for Piano, Op. 25
44.4%
2:35
Philip Glass - Opening from Glassworks
43.2%
2:13
Dmitri Shostakovich - Prelude No. 14 from Op. 34
38%
3:14
Hector Villa-Lobos - Aria (Cantilena) from Bachianas Brasileiras No. 5
35.1%
4:31
Giovanni Palestrina - Kyrie from Missa Papae Marcelli
30.8%
5:52
Richard Strauss - Der Held from Ein Heldenleben
25.6%
5:40
William Walton - Crown Imperial
21.8%
1:29
Johann Hummel - Allegro con Spirito from Concerto for Trumpet
19.7%
4:07
Édouard Lalo - Allegro non troppo from Symphonie Espagnole
15.7%
Quiz Playlist
Details
Report
Send in Message
Add To Playlist
Classic:
Type in answers that appear in a list
Forced Order:
Answers have to be entered in order
Last Updated: Oct 2, 2018
Curator Pick in
Classical
Quiz Scoreboard
CHALLENGE
Sign Up to Join the Scoreboard
Show All
Scores
Hide
Comments
May contain spoilers
Recently Published
Two Season TV Shows II
by 123Four
Television
10m
Image Sorting: Flags VI
by Barbecue
Geography
2m
Find the 'City' Movie
by crazypaving
Movies
60s
More to Explore
Quiz From the Vault
Featured Blog Post
14 Easter Pick-up Lines to Find Eggs With
hide this ad
You Might Also Like...
Tags
Classical Quiz
Clip Quiz
20th Century
Audio Quiz
Composer
mass
Nationality
Romantic
Today's Top Quizzes in Music
Browse Music
hide this ad
Today's Top Quizzes in Classical
Browse Classical
Top Contributed Quizzes in Music
1
5X2 Blitz: Bands II
2
5X2 Blitz: The Beatles
3
Taylor Swift All Songs (2024)
4
5X2 Blitz: Billboard
5
5X2 Blitz: Billboard II
6
5X2 Blitz: Album
7
5X2 Blitz: Singers
8
5X2 Blitz: Rock
9
Music Artist by Three 2010s hits
10
5X2 Blitz: Lyrics
Explore More
Trending Topics
Kpop
Crossword
Disney
NBA
Marvel
Harry Potter
Anime
NFL
The Office
Puzzle
Pokémon
Song
WWE
Country
Soccer
hide this ad
More By:
nbatchelor
Quiz
Plays
Rating
Category
Featured
Created
Anthony Bourdain: No Reservations
4,525
4.82
Television
Apr 2, 2010
MLB World Series Host Cities
3,090
3.20
Sports
Nov 5, 2009
Classical Composers IV (clips)
2,313
4.94
Music
Dec 13, 2011
College Stadiums by Elevation
1,626
4.75
Sports
Sep 13, 2010
Minnesota Historical Population
801
4.38
Geography
Dec 10, 2009
Go to Creator's Profile
Score Distribution
Quiz Creator Spotlight
nbatchelor
Follow
Send a Message
Quizzes Created
-
Created Quiz Play Count
-
More By This Creator
Popular Quizzes Today
1
Find the US States - No Outlines Minefield
2
Colored Red Africa Blitz
3
Find the 'City' Movie
4
5x2 Blitz: Bands
5
The Countries of the World
6
Find the Countries of Europe - No Outlines Minefield
7
Find the US States
8
US States
More Music Quizzes
One Word Bands by Definition
Published
Trending Quizzes
Colored Red Europe Blitz I
Colored Red Africa Blitz II
Colored Red Europe Blitz II
Colored Red Africa Blitz III
Colored Red Europe Blitz III
Recently Updated
How Do You Spell That?
pecheneg
Godzilla Movies
pecheneg
Grab Bag: 4-10 Letters
pecheneg
2024 March Madness Bracket
pecheneg
Famous TV Couples
Peacemaker
Champions League XIs: Real Madrid
pecheneg
Largest US Cities 1790-2010
pecheneg
Rides in Walt Disney World
pecheneg
Most Oscar Losses (Acting)
pecheneg
Beyoncé Albums
pecheneg
Trending Topics
Marvel
Harry Potter
Disney
Anime
NBA
Kpop
Crossword
NFL
Country
Soccer
Song
The Office
Pokémon
WWE
Puzzle
Your Account Isn't Verified!
In order to create a playlist on Sporcle, you need to verify the email address you used during registration. Go to your
Sporcle Settings
to finish the process.
Report this User
Report this user for behavior that violates our
Community Guidelines
.
Details:
Send Report
Go to the Sporcle.com Mobile Site →
Comments